Statistics for States with the Most Land in the Mississippi Basin

Click here to take the quiz!

General Stats

  • This quiz has been taken 374 times
  • The average score is 5 of 8

Answer Stats

%mi2State% Correct
10070,000Missouri
90%
10080,000Kansas
81%
10075,000Nebraska
73%
10070,000Oklahoma
66%
~9875,000South Dakota
66%
~80120,000Montana
59%
~6060,000Colorado
56%
~7070,000Wyoming
51%

Score Distribution

Percentile by Number Answered

Percent of People with Each Score

Your Score History

You have not taken this quiz